القضاء بالمرفق في المباني ونفي الضرر ;; Alqada' bialmirfaq fi almabani wanafy aldar / (Record no. 78212)
[ view plain ]
| 000 -LEADER | |
|---|---|
| fixed length control field | 00987nam a2200205 4500 |
| 001 - CONTROL NUMBER | |
| control field | 78212 |
| 003 - CONTROL NUMBER IDENTIFIER | |
| rucl marc code | BD-RjUL |
| 005 - DATE AND TIME OF LATEST TRANSACTION | |
| control field | 20211209083114.0 |
| 008 - FIXED-LENGTH DATA ELEMENTS--GENERAL INFORMATION | |
| fixed length control field | 210812s19991420qu ||||| |||| 00| 0 ara d |
| 035 ## - SYSTEM CONTROL NUMBER | |
| System control number | (BD-RjUL)78438 |
| 040 ## - CATALOGING SOURCE | |
| Original cataloging agency | BD-RjUL |
| Language of cataloging | eng |
| Transcribing agency | BD-RjUL |
| 041 ## - LANGUAGE CODE | |
| Language code of text/sound track or separate title | ara |
| 082 ## - DEWEY DECIMAL CLASSIFICATION NUMBER | |
| Edition number | 23 |
| Classification number | 720 |
| Author mark and year | TUA 1999 |
| 100 ## - MAIN ENTRY--PERSONAL NAME | |
| Personal name | Al-Tutili, Issa bin Musa bin Ahmed,A.H.); Al-Naming, Muhammad (327-346 ;; التطيلي، عيسى بن موسى بن أحمد، (327-346 هـ.); النمينج، محمد |
| 9 (RLIN) | 247017 |
| 245 ## - TITLE STATEMENT | |
| Title | القضاء بالمرفق في المباني ونفي الضرر ;; Alqada' bialmirfaq fi almabani wanafy aldar / |
| Statement of responsibility, etc. | عيسى بن موسى بن أحمد التطيلي ; النيمنج، محمدI ;; Essa bin Musa bin Ahmed Al-Tatili; Alniming, Muhammad |
| 260 ## - PUBLICATION, DISTRIBUTION, ETC. (IMPRINT) | |
| Place of publication, distribution, etc. | لرباط :. |
| Name of publisher, distributor, etc. | المنظمة الإسلامية للتربية والعلوم والثقافة، |
| Date of publication, distribution, etc. | 1999 1420 |
| 300 ## - PHYSICAL DESCRIPTION | |
| Pagination | 253 p. ; |
| Size | 26 cm |
| 650 ## - SUBJECT ADDED ENTRY--TOPICAL TERM | |
| Topical term or geographic name as entry element | Building |
| 9 (RLIN) | 247018 |
| 942 ## - ADDED ENTRY ELEMENTS (KOHA) | |
| Source of classification or shelving scheme | Dewey Decimal Classification |
| Koha item type | Books |
| Lost status | Source of classification or shelving scheme | Damaged status | Not for loan | Collection code | Permanent Location | Current Location | Shelving location | Date acquired | Source of acquisition | Total Checkouts | Full call number | Date last seen | Copy number | Koha item type |
|---|---|---|---|---|---|---|---|---|---|---|---|---|---|---|
| Dewey Decimal Classification | Not For Loan | Non-fiction | Central Library, University of Rajshahi | Central Library, University of Rajshahi | Reading Room | 17/04/2000 | issesco | A 720 TUA 1999 | 12/08/2021 | C-1 | Books |